Aritmétique: cours moyen et certificat d'etudes
Guardat en:
| Autors principals: | , |
|---|---|
| Format: | Llibre |
| Idioma: | francès |
| Publicat: |
París
Armand Colin
1927
|
| Matèries: | |
| Etiquetes: |
Afegir etiqueta
Sense etiquetes, Sigues el primer a etiquetar aquest registre!
|
MARC
| LEADER | 00000nam a2200000 a 4500 | ||
|---|---|---|---|
| 001 | UCH2370 | ||
| 003 | CL-VaPUC | ||
| 008 | 090611e19270000FR |||||||||||||||||fre|d | ||
| 082 | 0 | 4 | |a 510 |b ROY |2 21 |
| 100 | 0 | |a Royer, Maurice |e author |9 537119 | |
| 700 | 0 | |a Court, Planel |e author |9 537120 | |
| 245 | 1 | 0 | |a Aritmétique: cours moyen et certificat d'etudes |
| 300 | |a 392 p | ||
| 942 | |c BK | ||
| 945 | |d 20090611 00:00:00 |a rbrito | ||
| 260 | |a París |b Armand Colin |c 1927 | ||
| 650 | 0 | |a Matemática |9 260235 | |
| 650 | 7 | |a SISTEMA METRICO |2 CL-VaPUC |9 432725 | |
| 650 | 0 | |a Geometría |9 264063 | |
| 650 | 0 | |a Matemáticas |x Enseñanza |9 875527 | |
| 583 | |a last modification |c 20090611 00:00:00 |k Rodrigo Vera | ||
| 999 | |c 334112 |d 334110 | ||
| 952 | |0 0 |1 0 |4 0 |6 510_000000000000000_ROY_1927 |7 0 |8 X |9 422934 |a FDOBUD |b FDOBUD |d 2019-11-22 |i 4555147 |o 510 ROY 1927 |p 4555147 |r 2019-11-22 |w 2019-11-22 |y BK_X |k BUD | ||